| 000 | 00431cam a22001217a 4500 | ||
|---|---|---|---|
| 008 | 180718b1990 xxu||||| |||| 00| 0 eng d | ||
| 082 | _aT39055 In8/90 | ||
| 100 | _aJalali, Jalaleddin | ||
| 245 |
_aWorld Bank papers for for the Uruguay round: a research inventory for the multilateral trade negotiations, 1990 _cedited by Jalaleddin Jalali |
||
| 260 |
_aWashington, D.C. _bIBRD _c1990 |
||
| 300 | _a252p. | ||
| 650 | _aForeign Commerce | ||
| 999 |
_c226852 _d226852 |
||